Hoa mí rừng

Gespeichert in:
Bibliographische Detailangaben
1. Verfasser: Địch, Ngọc Lân
Format: Buch
Sprache:Undetermined
Veröffentlicht: Hà Nội Sân khấu 2018
Schlagworte:
Tags: Tag hinzufügen
Keine Tags, Fügen Sie den ersten Tag hinzu!
Thư viện lưu trữ: Trung tâm Học liệu Trường Đại học Cần Thơ
LEADER 00511nam a2200181Ia 4500
001 CTU_232875
008 210402s9999 xx 000 0 und d
082 |a 895.9223 
082 |b L121 
100 |a Địch, Ngọc Lân 
245 0 |a Hoa mí rừng 
245 0 |c Địch Ngọc Lân 
260 |a Hà Nội 
260 |b Sân khấu 
260 |c 2018 
650 |a Tiểu thuyết Việt Nam,Vietnamese fiction 
910 |b nthai 
980 |a Trung tâm Học liệu Trường Đại học Cần Thơ